The city and the region (Record no. 302508)

MARC details
000 -LEADER
fixed length control field 00636nam a2200205Ia 4500
008 - FIXED-LENGTH DATA ELEMENTS--GENERAL INFORMATION
fixed length control field 191130s2005##################000#0#eng##
020 ## - INTERNATIONAL STANDARD BOOK NUMBER
ISBN 9783631520840
082 ## - DEWEY DECIMAL CLASSIFICATION NUMBER
Classification number 307.76094 ECK
245 ## - TITLE STATEMENT
Title The city and the region
Statement of responsibility, etc Frank Eckardt (ed.)
260 ## - PUBLICATION, DISTRIBUTION, ETC. (IMPRINT)
Place of publication Bern
Name of publisher Peter Lang
Year of publication c2005
300 ## - PHYSICAL DESCRIPTION
Number of Pages 264 p. : ill., maps ; 21 cm.
500 ## - GENERAL NOTE
General note Includes bibliographical references
650 ## - SUBJECT ADDED ENTRY--TOPICAL TERM
Topical Term Regional planning - European Union countries
Topical Term Urbanization - European Union countries
700 ## - ADDED ENTRY--PERSONAL NAME
Personal name Eckardt, Frank
991 ## -
-- 210349
Holdings
Withdrawn status Lost status Damaged status Not for loan Home library Current library Shelving location Date acquired Full call number Accession Number Price effective from Koha item type
        Anna Centenary Library Anna Centenary Library 3RD FLOOR, B WING 15.10.2020 307.76094 ECK 215793 15.10.2020 English Books

Find us on the map